Elenca la formazione - Finale UEFA Europa League 2019-2020 - Statistics

Statistiche generali
  • Questo quiz è stato fatto 39 volte
  • Il punteggio medio è 15 su 22
Statistiche sulle risposte
Ruolo Nazione Calciatore % Corretto
Difensore Uruguay Diego Godín
97%
Attaccante Argentina Lautaro Martínez
97%
Centrocampista Croazia Marcelo Brozović
97%
Attaccante Belgio Romelu Lukaku
97%
Portiere Slovenia Samir Handanovič
97%
Difensore Paesi Bassi Stefan de Vrij
97%
Centrocampista Italia Nicolò Barella
94%
Difensore Italia Alessandro Bastoni
91%
Centrocampista Inghilterra Ashley Young
89%
Portiere Marocco Yassine Bounou
74%
Attaccante Argentina Lucas Ocampos
71%
Centrocampista Italia Roberto Gagliardini
69%
Attaccante Paesi Bassi Luuk de Jong
66%
Centrocampista Italia Danilo D'Ambrosio
57%
Difensore Francia Jules Koundé
54%
Difensore Spagna Jesús Navas
49%
Difensore Brasile Diego Carlos
43%
Centrocampista Brasile Fernando
43%
Attaccante Spagna Suso
43%
Centrocampista Argentina Éver Banega
34%
Centrocampista Spagna Joan Jordán
23%
Difensore Spagna Sergio Reguilón
14%
Nessun quiz corrispondente trovato
Distribuzione punteggi
Percentuale di utenti per punteggio
Percentile per numero di risposta
I tuoi punteggi nel tempo
Non hai fatto questo quiz